000 00422nam a2200145Ia 4500
008 230917s9999||||xx |||||||||||||| ||und||
040 _e197398
_aMAIN
041 _aEnglish
082 _a510 N143A
100 _aNair, Sudhakar
245 0 _aAdvanced topics in applied Mathematics for engineering and the physical sciences
260 _aNew Delhi
_bCambridge University Press
_c2011
300 _ax, 222 p.
942 _cBK
999 _c169037
_d169037